<?xml version="1.0" encoding="UTF-8"?><?xml-stylesheet type="text/xsl" href="static/style.xsl"?><OAI-PMH xmlns="http://www.openarchives.org/OAI/2.0/" xmlns:xsi="http://www.w3.org/2001/XMLSchema-instance" xsi:schemaLocation="http://www.openarchives.org/OAI/2.0/ http://www.openarchives.org/OAI/2.0/OAI-PMH.xsd"><responseDate>2026-04-17T05:59:18Z</responseDate><request verb="GetRecord" identifier="oai:www.recercat.cat:10256/20235" metadataPrefix="marc">https://recercat.cat/oai/request</request><GetRecord><record><header><identifier>oai:recercat.cat:10256/20235</identifier><datestamp>2024-06-18T11:54:18Z</datestamp><setSpec>com_2072_452955</setSpec><setSpec>com_2072_2054</setSpec><setSpec>col_2072_453077</setSpec></header><metadata><record xmlns="http://www.loc.gov/MARC21/slim" xmlns:dcterms="http://purl.org/dc/terms/" xmlns:xsi="http://www.w3.org/2001/XMLSchema-instance" xmlns:doc="http://www.lyncode.com/xoai" xsi:schemaLocation="http://www.loc.gov/MARC21/slim http://www.loc.gov/standards/marcxml/schema/MARC21slim.xsd">
   <leader>00925njm 22002777a 4500</leader>
   <datafield ind2=" " ind1=" " tag="042">
      <subfield code="a">dc</subfield>
   </datafield>
   <datafield ind2=" " ind1=" " tag="720">
      <subfield code="a">Gil-Solsona, Rubén</subfield>
      <subfield code="e">author</subfield>
   </datafield>
   <datafield ind2=" " ind1=" " tag="720">
      <subfield code="a">Álvarez Muñoz, Diana</subfield>
      <subfield code="e">author</subfield>
   </datafield>
   <datafield ind2=" " ind1=" " tag="720">
      <subfield code="a">Serra Compte, Albert</subfield>
      <subfield code="e">author</subfield>
   </datafield>
   <datafield ind2=" " ind1=" " tag="720">
      <subfield code="a">Rodríguez Mozaz, Sara</subfield>
      <subfield code="e">author</subfield>
   </datafield>
   <datafield ind2=" " ind1=" " tag="260">
      <subfield code="c">info:eu-repo/date/embargoEnd/2022-09-01</subfield>
   </datafield>
   <datafield ind2=" " ind1=" " tag="260">
      <subfield code="c">2021-09-01</subfield>
   </datafield>
   <datafield ind2=" " ind1=" " tag="520">
      <subfield code="a">Environmental (xeno)metabolomics offers a major advantage compared to other approaches for the evaluation of aquatic organism’s exposure to contaminated water because its allows the simultaneous profiling of the xenometabolome (chemical xenobiotics and their metabolites accumulated in an organism exposed to environmental contaminants) and the metabolome (endogenous metabolites whose levels are altered due to an external stressor). This approach has been widely explored in lab exposure experiments, however in field studies environmental (xeno)metabolomics has only started in the last years. In this review, the papers published so far that have performed different (xeno)metabolomics approaches for the evaluation of aquatic organisms exposed to contaminated water are presented, together with their main achievements, current limitations, and future perspectives. The different analytical methods applied including sample pre-treatment (considering matrix type), platforms used (Nuclear Magnetic Resonance (NMR) and low- or high-resolution Mass Spectrometry (MS or HRMS)), and the analytical strategy (target vs non-target analysis) are discussed. The application of (xeno)metabolomics to provide information of xenobiotics mixtures accumulated in exposed organisms, either in lab or field studies, as well as biomarkers of exposure and biomarkers of effect are debated, and finally, the most commonly metabolic pathways disrupted by chemical contamination are highlighted</subfield>
   </datafield>
   <datafield ind2=" " ind1=" " tag="520">
      <subfield code="a">This study was supported by the Spanish Ministry of Economy and Competitiveness, State Research Agency, and by the European Union through the European Regional Development Fund through the projects XENOMETABOLOMIC (CTM2015-73179-JIN) (AEI/FEDER/UE) and PLAS-MED (CTM2017-89701-C3-2-R). Authors acknowledge the support from the Economy and Knowledge Department of the Catalan Government through Consolidated Research Groups ICRA-ENV 2017 SGR 1124 and 2017 SGR 01404. Sara Rodriguez-Mozaz acknowledges the Ramon y Cajal program (RYC-2014-16707)</subfield>
   </datafield>
   <datafield ind1="8" ind2=" " tag="024">
      <subfield code="a">http://hdl.handle.net/10256/20235</subfield>
   </datafield>
   <datafield tag="653" ind2=" " ind1=" ">
      <subfield code="a">Marcadors bioquímics</subfield>
   </datafield>
   <datafield tag="653" ind2=" " ind1=" ">
      <subfield code="a">Biochemical markers</subfield>
   </datafield>
   <datafield tag="653" ind2=" " ind1=" ">
      <subfield code="a">Toxicologia ambiental</subfield>
   </datafield>
   <datafield tag="653" ind2=" " ind1=" ">
      <subfield code="a">Environmental toxicology</subfield>
   </datafield>
   <datafield tag="653" ind2=" " ind1=" ">
      <subfield code="a">Contaminants</subfield>
   </datafield>
   <datafield tag="653" ind2=" " ind1=" ">
      <subfield code="a">Pollutants</subfield>
   </datafield>
   <datafield tag="653" ind2=" " ind1=" ">
      <subfield code="a">Metabolòmica</subfield>
   </datafield>
   <datafield tag="653" ind2=" " ind1=" ">
      <subfield code="a">Metabolomics</subfield>
   </datafield>
   <datafield ind2="0" ind1="0" tag="245">
      <subfield code="a">(Xeno)metabolomics for the evaluation of aquatic organism’s exposure to field contaminated water</subfield>
   </datafield>
</record></metadata></record></GetRecord></OAI-PMH>